000 01020nam a2200265 a 4500
001 000015498
005 20240508073815.0
008 100211s2009 dr r 001 0 spa d
020 _a9789945020908
040 _aDO-SdBNP
_bspa
_cBNPHU
082 _aRD868.4
_bD473o
100 1 _aDespradel Batista, Guido,
_d1909-1959
_935009
245 1 0 _aObras /
_cGuido Despradel Batista ; compilador Alfredo Rafael Hernández.
260 _aSanto Domingo :
_bArchivo General de la Nación,
_c2009.
300 _a2v. ;
_c24 cm.
490 1 _aArchivo General de la Nación
_v85, 86
500 _aIncluye índice onomástico
500 _aIncluye datos biográficos del autor en las solapas
500 _aIncluye referencias bibliográficas y notas al pie de las páginas
590 _aInventariado, 2018/BT
600 1 4 _aDESPRADEL BATISTA, GUIDO
_xCOLECCIONES DE ESCRITOS
_d1909-1959
_935010
650 4 _aArtículos de prensa
_943
650 0 _aLiteratura dominicana.
_967
700 1 _aHernández, Alfredo Rafael,
_ecomp.
_935011
999 _c15054
_d15054